По следам "снежного человека" : О причинах национализма в СССР

Dades bibliogràfiques
Autor principal: Римаренко Ю. И. Юрий Иванович
Idioma:rus
Publicat: Москва, Молодая гвардия, 1989
Matèries:
Format: Llibre
KOHA link:https://koha.lib.tpu.ru/cgi-bin/koha/opac-detail.pl?biblionumber=252111

MARC

LEADER 00000nam0a2200000 4500
001 252111
005 20231101232722.0
010 |a 523500051X 
020 |a RU  |b 89-33046 
035 |a (RuTPU)RU\TPU\book\274432 
090 |a 252111 
100 |a 20140227d1989 k y0rusy5003 ca 
101 0 |a rus 
102 |a RU 
105 |a y z 001zy 
200 1 |a По следам "снежного человека" : О причинах национализма в СССР  |f Ю. И. Римаренко 
210 |a Москва  |c Молодая гвардия  |d 1989 
215 |a 240 с. 
320 |a Библиогр. в примеч.: с. 233-239. 
606 1 |a Национализм  |2 stltpush  |3 (RuTPU)RU\TPU\subj\45195  |9 64453 
610 1 |a национальный вопрос 
610 1 |a национальные отношения 
610 1 |a СССР 
610 1 |a история 
610 1 |a 20 век 
610 1 |a причины 
686 |a Ф5(2)58  |2 rubbk 
700 1 |a Римаренко  |b Ю. И.  |g Юрий Иванович 
801 0 |a RU  |b RuMRKP  |c 19950417  |g psbo 
801 1 |a RU  |b 63413507  |c 20140227 
801 2 |a RU  |b 63413507  |c 20140321  |g RCR 
942 |c BK